Closest Genetic Populations to the Belarusians - Statistics

General Stats
  • This quiz has been taken 14 times
  • The average score is 9 of 12
Answer Stats
Genetic Distance Ethnicity % Correct
2.960 Latvian
100%
0.800 Russian
100%
1.120 Ukrainian
100%
3.544 Czech
93%
2.303 Estonian
93%
0.951 Lithuanian
93%
1.561 Polish
93%
4.234 Finnish
79%
4.412 Swedish
64%
3.259 Slovakian
36%
4.050 Ingrian
14%
4.176 Mordvin
7%
No matching quizzes found
Score Distribution
Percent of People with Each Score
Percentile by Number Answered
Your Score History
You have not taken this quiz